000 00541nam a22001697a 4500
005 20251108165207.0
008 250721s1995 xx 000 0 ara d
082 1 4 _a910.4/رود
100 1 _aرودلف،
245 1 0 _aرحلة الأمير رودلف إلى الشرق مصر و القدس /
264 1 _aالقاهره :
_bالهيئه المصريه العامه،
_c1995.
300 _a
650 1 7 _aالسفر
700 1 _aالشيخ، عبد الرحمن عبد الله
_eترجمة
942 _2ddc
_cBK
999 _c21783
_d21783